000 00677nam a2200205 a 4500
001 000010586
005 20240530073931.0
008 091008s1975 dr 000 e spa d
040 _aDO-SdBNP
_bspa
_cBNPHU
082 _aRD864.44
_bM971i
100 1 _aMuñoz Marte, Antonio Emilio
_925663
245 1 3 _aLa italianita /
_cAntonio Emilio Muñoz Marte ; presentación Rodolfo Coiscou Weber.
260 _aSanto Domingo :
_bTaller,
_c1975.
300 _a103 p. ;
_c21 cm.
590 _aInventariado, 2018/LP
650 0 _aEnsayos dominicanos
_965
650 0 _aLiteratura dominicana.
_967
700 1 2 _aCoiscou Weber, Rodolfo
_919739
910 _aValidado. Control de calidad MFF
999 _c10344
_d10344